000 00357nam a2200133Ia 4500
008 240624s9999 xx 000 0 und d
041 _aeng
082 _a332.6 PRI
100 _aPRICE JOHN
245 _aCONSCIOUS INVESTOR PROFITING FROM THE TI
260 _c2011
_aNew Jersey
_bJohn Wiley and Sons
300 _axiii, : 366 : p. : cm. ; 23
365 _c
_b27
999 _c16822
_d16822